Trvale udržitelná banka

Udržateľný rozvoj a ekonomické chovanie firiem. Ekologická banková prevádzka. Produkty zamerané na ekológiu. Schopnosť zaujať a udržať talentovaných pracovníkov. Ekológia s väzbou na riadenie rizík.

Enregistré dans:
Détails bibliographiques
Auteur principal: Pruner, Petr
Format: Chapitre de livre
Langue:tchèque
Sujets:
Tags: Ajouter un tag
Pas de tags, Soyez le premier à ajouter un tag!

MARC

LEADER 00000naa$a2200000$$$4500
001 0088915
005 20231010095403.6
041 0 |a cze 
044 |a CZ 
245 1 0 |a Trvale udržitelná banka  |c Petr Pruner 
520 |a Udržateľný rozvoj a ekonomické chovanie firiem. Ekologická banková prevádzka. Produkty zamerané na ekológiu. Schopnosť zaujať a udržať talentovaných pracovníkov. Ekológia s väzbou na riadenie rizík. 
610 2 0 |a banky 
610 2 0 |a ekológia 
610 2 0 |a pracovníci 
610 2 0 |a riadenie rizík 
100 1 |a Pruner, Petr